Học làm giàu từ những danh nhân khổng lồ
Sách kể về cuộc đời, thành quả và đặc biệt là những bài học kinh nghiệm của những nhân vật mà ảnh hưởng của họ rất lớn đối với thế giới .
Đã lưu trong:
| 格式: | 圖書 |
|---|---|
| 語言: | Undetermined |
| 出版: |
Thành phố Hồ Chí Minh
Trẻ
2006
|
| 主題: | |
| 標簽: |
添加標簽
沒有標簽, 成為第一個標記此記錄!
|
| Thư viện lưu trữ: | Trung tâm Học liệu Trường Đại học Cần Thơ |
|---|
| LEADER | 00823nam a2200193Ia 4500 | ||
|---|---|---|---|
| 001 | CTU_112637 | ||
| 008 | 210402s9999 xx 000 0 und d | ||
| 020 | |c 12500 | ||
| 082 | |a 658.472 | ||
| 082 | |b H419/T.2 | ||
| 245 | 0 | |a Học làm giàu từ những danh nhân khổng lồ | |
| 245 | 0 | |c Nhiều tác giả | |
| 260 | |a Thành phố Hồ Chí Minh | ||
| 260 | |b Trẻ | ||
| 260 | |c 2006 | ||
| 520 | |a Sách kể về cuộc đời, thành quả và đặc biệt là những bài học kinh nghiệm của những nhân vật mà ảnh hưởng của họ rất lớn đối với thế giới . | ||
| 650 | |a Business intelligence,Knowledge management,Industrial management | ||
| 904 | |i Minh | ||
| 980 | |a Trung tâm Học liệu Trường Đại học Cần Thơ | ||